West's business law : (Record no. 8424)
[ view plain ]
| 000 -LEADER | |
|---|---|
| fixed length control field | 01000cam a2200217 i 4500 |
| 020 ## - INTERNATIONAL STANDARD BOOK NUMBER | |
| ISBN | 0829902953 : |
| 050 00 - CALL NUMBER | |
| Classification number | KF888 |
| Item number | .C33 |
| 100 1# - AUTHOR | |
| Personal name | Clarkson, Kenneth W. |
| 245 10 - TITLE | |
| Title | West's business law : |
| Remainder of title | text & cases / |
| Statement of responsibility, etc | Kenneth W. Clarkson, Roger LeRoy Miller, Bonnie Blaire. |
| 250 ## - EDITION | |
| Edition statement | [UCC ed.] |
| 260 ## - PUBLICATION INFORMATION | |
| Place of publication | St. Paul : |
| Name of publisher | West Pub. Co. |
| Year of publication | c1980. |
| 300 ## - DESCRIPTION | |
| Number of Pages | xxx, 1245 p. ; |
| Dimensions | 26 cm. + |
| Accompanying material | alternate test items. |
| 500 ## - NOTES | |
| General note | Includes index. |
| 505 ## - FORMATTED CONTENTS NOTE | |
| Table of Content | Unit 1 The Legal Environment of Business <br/>Unit 2 Contracts <br/>Unit 3 Personal Property and Bailment <br/>Unit 4 Commercial Transactions and the Uniform Commercial Code<br/>Unit 5 Creditor's Rights and Bankruptcy <br/>Unit 6 Agency and Employment <br/>Unit 7 Business Organizations <br/>Unit 8 Government Regulation <br/>Unit 9 Protection of property and Other Interests <br/>Unit 5 |
| 650 #0 - SUBJECTS | |
| Topical Term | Commercial law |
| 650 #0 - SUBJECTS | |
| Topical Term | Commercial law |
| 700 1# - OTHER AUTHORS | |
| Personal name | Miller, Roger LeRoy, |
| 700 1# - OTHER AUTHORS | |
| Personal name | Blaire, Bonnie, |
| 710 2# - OTHER AUTHORS | |
| OTHER AUTHORS | West Publishing Company. |
| 942 ## - ADDED ENTRY ELEMENTS (KOHA) | |
| Koha item type | Books |
| Withdrawn status | Lost status | Collection code | Home library | Current library | Shelving location | Date acquired | Source of acquisition | Full call number | Accession Number | Koha item type |
|---|---|---|---|---|---|---|---|---|---|---|
| Reference | Methodist University Library Main | Methodist University Library Main | General Stacks | 10/09/2024 | Donated by Professor Augustus Abbeyand Family | KF888 .C33 | 8954 | Books |